|
|
|
|
| LEADER |
00000nam0a2200000 4500 |
| 001 |
296855 |
| 005 |
20231102000940.0 |
| 035 |
|
|
|a (RuTPU)RU\TPU\book\321963
|
| 090 |
|
|
|a 296855
|
| 100 |
|
|
|a 20150603d1982 m y0rusy50 ca
|
| 101 |
0 |
|
|a rus
|
| 102 |
|
|
|a RU
|
| 105 |
|
|
|a a j 001zy
|
| 200 |
1 |
|
|a Введение в специальность. Гидроэлектроэнергетика
|e учебное пособие
|f П. С. Непорожний, В. И. Обрезков
|
| 210 |
|
|
|a Москва
|c Энергоиздат
|d 1982
|
| 215 |
|
|
|a 304 с.
|c ил.
|
| 320 |
|
|
|a Библиогр.: с. 300-303.
|
| 606 |
1 |
|
|a Гидроэлектрические станции
|2 stltpush
|3 (RuTPU)RU\TPU\subj\7095
|9 34826
|
| 610 |
1 |
|
|a топливно-энергетические ресурсы
|
| 610 |
1 |
|
|a энергетические системы
|
| 610 |
1 |
|
|a научно-технический прогресс
|
| 610 |
1 |
|
|a окружающая среда
|
| 610 |
1 |
|
|a человек
|
| 610 |
1 |
|
|a СССР
|
| 610 |
1 |
|
|a Единая энергетическая система
|
| 610 |
1 |
|
|a развитие
|
| 610 |
1 |
|
|a нетрадиционные источники
|
| 610 |
1 |
|
|a учебные пособия
|
| 675 |
|
|
|a 621.311.21(075.8)
|v 3
|
| 700 |
|
1 |
|a Непорожний
|b П. С.
|g Петр Степанович
|
| 701 |
|
1 |
|a Обрезков
|b В. И.
|g Валентин Иванович
|
| 801 |
|
1 |
|a RU
|b 63413507
|c 20150603
|
| 801 |
|
2 |
|a RU
|b 63413507
|c 20200205
|g RCR
|
| 942 |
|
|
|c BK
|